Varovné signály v účtovných závierkach

Definícia účtovnej závierky. Analýza a vyhodnotenie údajov z účtovných závierok. Výzvy pri identifikácii podvodu.

Gespeichert in:
Bibliographische Detailangaben
1. Verfasser: Tumpach, Miloš, 1970-
Weitere Verfasser: Juhászová, Zuzana, 1970-, Kubaščíková, Zuzana, 1982-
Format: Buchkapitel
Sprache:Slowakisch
Schlagworte:
Tags: Tag hinzufügen
Keine Tags, Fügen Sie das erste Tag hinzu!

MARC

LEADER 00000naa a2200000 4500
001 0281460
005 20240502074401.5
041 0 |a slo 
044 |a SK 
245 1 0 |a Varovné signály v účtovných závierkach  |c Miloš Tumpach, Zuzana Juhászová, Zuzana Kubaščíková 
520 |a Definícia účtovnej závierky. Analýza a vyhodnotenie údajov z účtovných závierok. Výzvy pri identifikácii podvodu. 
610 2 0 |a závierka účtovná 
610 2 0 |a súvaha 
610 2 0 |a hotovosť 
610 2 0 |a imanie vlastné 
610 2 0 |a podvody 
100 1 |a Tumpach, Miloš, 1970- 
700 1 |a Juhászová, Zuzana, 1970- 
700 1 |a Kubaščíková, Zuzana, 1982-